000 00588nam a2200229Ia 4500
003 OSt
005 20220918193205.0
006 a|||||r|||| 00| 0
007 ta
008 220917b |||||||| |||| 00| 0 eng d
024 _a72,205
037 _cTextual
040 _aARTS
_cARTS
_beng
041 _2eng
_aeng
082 _aR41, E1
100 _aHyde William Dewitt
_981197
245 0 _aFive great philosophers of life
260 _aNew York
_bMacmillan
_c1961
650 _aETHICS
942 _hR41, E1
_cTEXL
_2CC
999 _c198209
_d198209